Statistics for Super Rugby Champions

Click here to take the quiz!

General Stats

  • This quiz has been taken 874 times
  • The average score is 14 of 18

Answer Stats

HintSuper Rugby% Correct
2005Crusaders
96%
1998Crusaders
96%
1999Crusaders
96%
2000Crusaders
96%
2008Crusaders
96%
2002Crusaders
96%
2006Crusaders
96%
1997Blues
83%
1996Blues
83%
2003Blues
83%
2012Chiefs
70%
2013Chiefs
70%
2007Bulls
66%
2009Bulls
66%
2010Bulls
66%
2004Brumbies
63%
2001Brumbies
63%
2011Reds
62%

Score Distribution

Percentile by Number Answered

Percent of People with Each Score

Your Score History

You have not taken this quiz